000 00960nam a2200277 a 4500
001 BRCA_3473
005 20190320204311.0
008 290409s1776----enk#---###---#000-0#eng-#
041 _aeng
044 _aenk
084 _a762
_b.A76
_c1776
100 1 _aArnold, Dr.
_99053
245 1 0 _aDon Quixote
_bA Musical Entertainment : As it is performed at the Theatre-Royal in Convent-Garden.
260 _aLondres
_bC. D. Piguenit
_c1776
300 _a33 p.
_c22 cm.
500 _aAdaptación musical. Ejemplar igual al anterior [761]. Rústica Lúdovik Osterc
500 _aQMB114
546 _aTexto en : inglés
650 1 4 _aNovela española
_yÉpoca clásica, 1500-1700
_9215
650 1 4 _aLiteratura española
_yÉpoca clásica, 1500-1700
_9216
650 1 4 _aNovela española
_ySiglo XVII
_9217
650 1 4 _aDon Quijote (Personaje ficticio)
_eNovela
_9218
740 0 _aEl Ingenioso Hidalgo Don Quijote de la Mancha
902 _aQFM
942 _2lcc
_cB
999 _c3209
_d3209